000 01618nam a2200361 a 4500
999 _c158540
_d158540
003 BLK
005 20250630174704.0
008 180410b bul|||||r ||||||| ||bul||
010 _aKNG00165592000
020 _a9786197055030
040 _aBLK
041 _aBUL
_cBUL
080 _aИзобразително изкуство в основното училище.Методика на обучението
_b373.3.016:73/76
_z373.3.016:73/76
100 1 _aОрен, Рони
_eпърви автор
_9104818
139 _aОрен, Рони
_bО 69
245 1 0 _aТайните на пластилина
_bКн. 1 -
_cРони Орен; ил. Рони Орен ; ил. Йони Гудман ; прев. от рус. Емилия Любенова Масларова.
_nКн. 1
_pДомашни животни
257 _aGBR
260 _aСофия
_bЛабиринт
_c2013
_f(отпеч. в Полша)
_9210561
_n978-619-7055- ; 5-87604-
300 _c32 см
380 _aDN
500 _aОриг. загл.: Farm animals / Rony Oren
653 _aмоделиране
659 _aН
700 1 _aОрен, Рони
_eил.
_9104818
700 1 _aГудман, Йони
_eил.
_9334133
700 _aМасларова, Емилия Любенова
_d1956-
_9363911
760 1 _aОрен, Рони
_dЛабиринт, 2013
_h48 с. : с цв. ил.
_tКн. 1 Домашни животни
852 _aЦб ІІ 20215
852 _bД
_c373.3.016/О-69 Р
942 _cKNG
_n0
_s1
_027
944 _aCR
_c03.10.2014
_k30553
_lИваничка Йорданова
944 _aED
_c2021-12-13
_kГГГ